MDQL
is popping MORE tags! Check the
thread
!
Quizzes
Events
Quiz Creation
Community
Videos
Private Events
Remove Ads
Sign In
Join for FREE
Feedback
Dark Mode
Quiz Categories
Sports
Geography
Music
Movies
Television
Just For Fun
Miscellaneous
History
Literature
Language
Science
Gaming
Entertainment
Religion
Holiday
For Kids
Quiz Lab
Recent
Popular Today
Quiz Kudos Today
Editor Picks
Curator Picks
Quizzes by...
Day
Popularity
Type
Ratings
Length
Year
Community
Subscriptions
Recent Discussions
Orange Saloon
Badges
Playlists
Quests
Create
Leaderboards
Showdown
Live 5
Trivia Bingo
Activity
Puzzle Library
Sporcle Events
Private Events
Virtual Trivia
Globe League
Become a Host
Pub Owners
SporcleCon
Opinionation
Our Games
Videos
Blog
Mobile Apps
Partnerships
Remove Ads and Go Orange
Feedback
Gaming
Video Games
Board Games
Card Games
Pokémon
Mario
Nintendo
Minecraft
Console
Toys
Legend of Zelda
Gaming
Video Games
Board Games
Card Games
Pokémon
Mario
Nintendo
Minecraft
Console
Toys
Legend of Zelda
Random Quiz
Search Sporcle
×
Quiz Lab
Quiz Lab
Gaming
Nintendo
Type in answers that appear in a list
Type in answers that appear in a list
Classic
Best Score? Go Orange.
Pikmin: The Forest Navel Trivia Stats
Can you name the Pikmin: The Forest Navel Trivia?
By
quizmaker321
4m
20 Questions
252 Plays
252 Plays
252 Plays
Comments
Comments
Give Quiz Kudos
Give Quiz Kudos
-
- Ratings
hide this ad
Forced Order
Answers have to be entered in order
Answers have to be entered in order
Replay
Link that replays current quiz
Next Quiz
Link to next quiz in quiz playlist
You Got
0%
They Got
Avg Score
31%
Avg Friend Score
Upgrade to see
Score Distribution
Jump to the score distribution portion of the page
Score
0/20
Timer
04:00
0
Plays Today
Question
Answer
% Correct
What new pikmin do you find in this area?
blue pikmin
97.6%
How many bosses are in this area?
two
45.6%
Which Boss has the guard satellite in?
Beady Long Legs
42.1%
Which enemy is the space float in?
the breadbug
35.7%
How many parts are required to enter this area?
five parts
34.5%
What type of pikmin is usually chosen to carry the parts back to the ship in this level?
red pikmin
34.1%
What do your pikmin grow on their head if they inhale the puffy toadstool's poison gas?
a mushroom
33.7%
There are lots of wall to break down in this level. How many are actually necessarry to destroy?
two
32.9%
How many parts are there in this area?
nine
31.3%
What color are these enemies?
white
31%
Question
Answer
% Correct
how many guard the part itself?
three
31%
What part falls off of the edge due to a certain glitch in the game?
the libra
31%
how many bridges are there to unroll in the area?
five
31%
How many parts are required in this level?
eight
29.4%
Which enemies guard the anti dioxin filter?
wollywogs
25%
How many letters are in the name of the part that looks like a spring?
13
15.5%
Which part is in the same general area as the libra?
the analog computer
14.3%
Which boss has the omega stabilizer in it?
Puffy Toadstool
12.3%
Which boss in this area does not return in the Pikmin two
Puffy Toadstool
11.1%
What is there special ability?
they can breathe in water
7.5%
Quiz Playlist
Details
Report
Send in Message
Add To Playlist
Classic:
Type in answers that appear in a list
Forced Order:
Answers have to be entered in order
Last Updated: Feb 16, 2017
Quiz Scoreboard
CHALLENGE
Sign Up to Join the Scoreboard
Show All
Scores
Hide
Comments
May contain spoilers
Recently Published
5x2 Blitz: Bands
by SL_Kpop136
Music
30s
Colored Red Africa Blitz
by spor1
Geography
30s
Find the 'City' Movie
by crazypaving
Movies
60s
More to Explore
Quiz From the Vault
Featured Blog Post
14 Easter Pick-up Lines to Find Eggs With
hide this ad
You Might Also Like...
Tags
Nintendo Quiz
forest
pikmin
Today's Top Quizzes in Gaming
Browse Gaming
hide this ad
Today's Top Quizzes in Nintendo
Browse Nintendo
Top Contributed Quizzes in Gaming
1
Dead By Daylight Logic Puzzle
2
League of Legends Pro Players by Career/Team History
3
Destiny 2 exotic weapons by perk icons
4
Genshin Impact Logic Puzzle
5
Overwatch 2: Ultimate Ability Icons
6
Genshin Impact Logic Puzzle Quiz II
7
Windmill: Elements
8
Overwatch Logic Puzzle
9
Genshin Impact Logic Puzzle Quiz
10
Genshin murder mystery
Explore More
Trending Topics
NBA
Crossword
Anime
Harry Potter
Kpop
Disney
Marvel
NFL
Puzzle
The Office
Song
WWE
Soccer
Country
Pokémon
hide this ad
More By:
quizmaker321
Quiz
Plays
Rating
Category
Featured
Created
Pikmin Trivia/Story
1,255
2.50
Gaming
Jul 1, 2010
Pikmin 2 Bosses
963
5.00
Gaming
Jun 26, 2010
Fill in the Lyrics
477
3.50
Music
Aug 16, 2011
Pikmin 1 Enemies
408
4.00
Gaming
Jul 3, 2010
Red Hot Chili Peppers Greatest Hits
353
3.33
Music
Sep 17, 2010
Go to Creator's Profile
Score Distribution
Quiz Creator Spotlight
quizmaker321
Follow
Send a Message
Quizzes Created
-
Created Quiz Play Count
-
More By This Creator
Popular Quizzes Today
1
Colored Red Africa Blitz
2
Find the 'City' Movie
3
Find the US States - No Outlines Minefield
4
5x2 Blitz: Bands
5
The Countries of the World
6
Find the US States
7
US States
8
9x9 Crossword: Cartoon Network
More Gaming Quizzes
Fortnite Dance Picture Click
Quiz Lab
Trending Quizzes
Colored Red Europe Blitz I
Colored Red Europe Blitz II
Colored Red Africa Blitz II
Colored Red Europe Blitz III
Colored Red Africa Blitz III
Recently Updated
How Do You Spell That?
pecheneg
Godzilla Movies
pecheneg
Grab Bag: 4-10 Letters
pecheneg
2024 March Madness Bracket
pecheneg
Famous TV Couples
Peacemaker
Champions League XIs: Real Madrid
pecheneg
Largest US Cities 1790-2010
pecheneg
Rides in Walt Disney World
pecheneg
Most Oscar Losses (Acting)
pecheneg
Beyoncé Albums
pecheneg
Trending Topics
Anime
NBA
Marvel
Crossword
Harry Potter
Kpop
Disney
Country
Pokémon
The Office
Song
Puzzle
WWE
NFL
Soccer
Your Account Isn't Verified!
In order to create a playlist on Sporcle, you need to verify the email address you used during registration. Go to your
Sporcle Settings
to finish the process.
Report this User
Report this user for behavior that violates our
Community Guidelines
.
Details:
Send Report
Go to the Sporcle.com Mobile Site →
Comments